Макроэлементы в волосах жителей Павлодарской области; Творчество юных - шаг в успешное будущее

Bibliographic Details
Parent link:Творчество юных - шаг в успешное будущее.— 2015.— [С. 268-270]
Main Author: Скрипник М.
Other Authors: Корогод Н. П. (научный руководитель)
Summary:Заглавие с титульного экрана
Language:Russian
Published: 2015
Series:Биоиндикация техногенеза
Subjects:
Online Access:http://earchive.tpu.ru/handle/11683/15755
Format: Electronic Book Chapter
KOHA link:https://koha.lib.tpu.ru/cgi-bin/koha/opac-detail.pl?biblionumber=617490

MARC

LEADER 00000naa2a2200000 4500
001 617490
005 20231101132949.0
035 |a (RuTPU)RU\TPU\conf\15803 
035 |a RU\TPU\conf\15802 
090 |a 617490 
100 |a 20160310d2015 k y0rusy50 ca 
101 0 |a rus 
102 |a RU 
105 |a y z 101zy 
135 |a drcn ---uucaa 
181 0 |a i  
182 0 |a b 
200 1 |a Макроэлементы в волосах жителей Павлодарской области  |f М. Скрипник  |g науч. рук. Н. П. Корогод 
203 |a Текст  |c электронный 
225 1 |a Биоиндикация техногенеза 
230 |a 1 компьютерный файл (pdf; 602 Кб) 
300 |a Заглавие с титульного экрана 
320 |a [Библиогр.: с. 270 (3 назв.)] 
463 0 |0 (RuTPU)RU\TPU\conf\15338  |t Творчество юных - шаг в успешное будущее  |o материалы VIII Всероссийской научной студенческой конференции с элементами научной школы имени профессора М. К. Коровина, г. Томск, 23-27 ноября 2015 г.  |f Национальный исследовательский Томский политехнический университет (ТПУ) ; под ред. А. Ю. Дмитриева  |v [С. 268-270]  |d 2015 
610 1 |a труды учёных ТПУ 
610 1 |a электронный ресурс 
610 1 |a экология 
610 1 |a макроэлементы 
610 1 |a Павлодарская область 
610 1 |a загрязнения 
610 1 |a геоэкология 
700 1 |a Скрипник  |b М. 
702 1 |a Корогод  |b Н. П.  |4 727 
801 2 |a RU  |b 63413507  |c 20180216  |g RCR 
856 4 |u http://earchive.tpu.ru/handle/11683/15755 
942 |c BK